| 000 | 005260000a22001810004500 | ||
|---|---|---|---|
| 003 | MACL | ||
| 005 | 20160330150623.0 | ||
| 008 | 160330b xxu||||| |||| 00| 0 eng d | ||
| 040 |
_aMACL _cMACL |
||
| 041 | _aHindi | ||
| 082 | _a333 | ||
| 100 |
_aडॉ के जी जॉगिड _948975 |
||
| 245 | _aपर्यावरण अध्ययन शिक्षण | ||
| 260 |
_aजयपुर _bतरूण प्रकाशन _c2009 |
||
| 350 | _a250 | ||
| 650 |
_aEnvironment _948976 |
||
| 942 |
_cHIN _k333 _2ddc |
||
| 999 |
_c46232 _d46232 |
||